00510nam a22001937a 450000500170000001000260001702000110004302000110005403500140006503500140007903700090009308200110010210000170011324500700013025000060020026000390020627000500024530000210029520250902114954.0 aENG-143699 ENG-146520 c200.00 c400.00 aEN-127231 aEN-130052 bDBAD14a001.42 aJha, Ujjwala aA Primer of Navya Nyaya language and Methodology/cby Ujjwala Jha a1 aKolkatabThe Asiatic Societyc2010 a1, Park StreetbKolkatacWest Bengale700 016 a144p.c22cm (Hb)